| 000 | 00909cam a2200133 4500500 | ||
|---|---|---|---|
| 005 | 20260405085510.0 | ||
| 041 | _afre | ||
| 042 | _adc | ||
| 100 | 1 | 0 |
_aVial, Monique _eauthor |
| 245 | 0 | 0 | _aLexique de la Grèce ancienne |
| 260 |
_bArmand Colin,
_c2008. |
||
| 520 | _aCe lexique s’attache avant tout à définir clairement les réalités essentielles du monde grec: institutions administratives, politiques et militaires, mais aussi notions morales et pratiques religieuses, faits économiques et sociaux, art.La présente édition a fait l’objet d’un remaniement en profondeur, en fonction de l’évolution des connaissances, de la façon d’aborder les problématiques et des nécessités pédagogiques. Il propose par ailleurs un appareil de cartes, plans et schémas. | ||
| 856 | 4 | 1 | _uhttps://shs.cairn.info/lexique-de-la-grece-ancienne--9782200354329?lang=fr&redirect-ssocas=7080 |
| 999 |
_c2198047 _d2198047 |
||